One Word Song Titles - Statistics

General Stats
  • This quiz has been taken 80 times
  • The average score is 8 of 20
Answer Stats
Artist Title Lyrics % Correct
John Lennon Imagine You may say I'm a dreamer But I'm not the only one
82%
The Beatles Help When I was younger, so much younger than today I never needed anybody's ____ in any way
77%
Edwin Starr War What is it good for? Absolutely nothing, uhh
68%
ZZ Top Legs She's got ____, she knows how to use them She never begs, she knows how to choose them
65%
Kool and the Gang Celebration There's a party goin' on right here A ___________ to last throughout the years
57%
Pink Floyd Time Ticking away the moments that make up a dull day Fritter and waste the hours in an offhand way
55%
Alanis Morissette Ironic It's like rain on your wedding day It's a free ride when you've already paid
53%
Harry Nilsson Coconut You put de lime in de _______, you drink 'em bot' togedder Put de lime in de _______, then you feel better
38%
Heart Alone Till now I always got by on my own I never really cared until I met you And now it chills me to the bone
36%
Black Sabbath Paranoid Finished with my woman 'cause
She couldn't help me with my mind
People think I'm insane because
I am frowning all the time
36%
Roy Orbison Crying I was alright for a while
I could smile for a while
But I saw you last night, you held my hand so tight As you stopped to say, "Hello"
31%
Eagles Desperado why don't you come to your sensesYou've been out ridin' fences for so long now
31%
Fleetwood Mac Dreams Oh, thunder only happens when it's raining Players only love you when they're playing
31%
Simon & Garfunkel America Counting the cars on the New Jersey Turnpike They've all come to look for _______
30%
Cheap Trick Surrender Mommy's alright, Daddy's alright They just seem a little weird _________, _________ But don't give yourself away
28%
Journey Faithfully Oh, girl, you stand by me
I'm forever yours
__________
23%
Guns N' Roses Patience Said woman take it slow and it'll work itself out fine All we need is just a little ________
23%
David Bowie Changes So I turned myself to face me But I've never caught a glimpse How the others must see the faker I'm much too fast to take that test
16%
The Who Substitute I was born with a plastic spoon in my mouth The north side of my town faced east, and the east was facing south
15%
The Association Cherish _______ is the word I use to describe All the feeling that I have hiding here for you inside
14%
No matching quizzes found
Score Distribution
Percent of People with Each Score
Percentile by Number Answered
Your Score History
You have not taken this quiz